An Asterix adventure Obelix and Co.

Bibliographic Details
Format: Book
Published: London : Hodder Dargaud , 1976
Subjects:

MARC

LEADER 00000cam a2200000 7i4500
001 0000003439
005 20091130.0
020 |a 034025307X 
090 0 0 |a C   |b AST 
245 0 3 |a An Asterix adventure Obelix and Co.   |c text by Goscinny 
260 |a London :   |b Hodder Dargaud ,   |c 1976 
300 |a 48p. :   |b ill. ;   |c 28cm. 
650 0 0 |a Cartoon and carricatures 
999 |a 036957   |b BUKU   |c CARTOON   |e PERPUSTAKAAN KOMUNITI PETALING JAYA